Armour on valuation for rating (Record no. 85581)

MARC details
000 -LEADER
fixed length control field 00496cam a2200217 4500
001 - CONTROL NUMBER
control field D12006
008 - FIXED-LENGTH DATA ELEMENTS--GENERAL INFORMATION
fixed length control field 090401t1961 xxu||||| |||| 00| 0 eng d
035 ## - SYSTEM CONTROL NUMBER
System control number (Sirsi) u680
041 ## - LANGUAGE CODE
Language code of text/sound track or separate title eng
050 ## - LIBRARY OF CONGRESS CALL NUMBER
Classification number [336.2109411]
100 ## - MAIN ENTRY--PERSONAL NAME
Personal name Armour, S.B.
245 ## - TITLE STATEMENT
Title Armour on valuation for rating
250 ## - EDITION STATEMENT
Edition statement 3rd
260 ## - PUBLICATION, DISTRIBUTION, ETC.
Place of publication, distribution, etc. Edinburgh
Name of publisher, distributor, etc. W Green & Son
Date of publication, distribution, etc. 1961
350 ## - PRICE (NR) (BK AM CF MU VM SE) [OBSOLETE]
Price 0
520 ## - SUMMARY, ETC.
Summary, etc. Shelf 176
700 ## - ADDED ENTRY--PERSONAL NAME
Personal name Mackay, J.P.H
700 ## - ADDED ENTRY--PERSONAL NAME
Personal name Clyde, J.J.
942 ## - ADDED ENTRY ELEMENTS (KOHA)
Suppress in OPAC 0
948 ## - LOCAL PROCESSING INFORMATION (OCLC); SERIES PART DESIGNATOR (RLIN)
c (OCLC) 04/03/1997
Holdings
Withdrawn status Lost status Source of classification or shelving scheme Damaged status Not for loan Home library Current library Shelving location Date acquired Total Checkouts Full call number Barcode Date last seen Copy number Price effective from Koha item type
    Other/Generic Classification Scheme     London London Basement 14/09/1999   SHELF 176 30014398 06/08/2019 1 06/08/2019 Reference material